000 00349nam a2200133Ia 4500
008 230917s9999||||xx |||||||||||||| ||und||
040 _e181988
_aMAIN
041 _aEnglish
082 _a891.433721 GK123D
100 _aगहलौत, खेताराम
245 0 _aदौलत के जख्म
300 _a166 पृ. p.
942 _cHN
999 _c36352
_d36352